000
00296nam a2200133Ia 4500
100
_a
Day M/ Neff K
942
_c
BK
654
_a
Computer
245
_a
Trouble shooting Netware for the 386
260
_b
BPB Pub
_a
New Delhi
_c
1993
082
_a
4.68
_b
PAN
546
_a
ENGLISH
999
_c
28265
_d
28265